Aussie catch phrases - Statistics

General Stats
  • This quiz has been taken 22 times
  • The average score is 3 of 11
Answer Stats
Answer % Correct
g'day
84%
mate
63%
arvo
53%
barbie
32%
brekky
21%
maccas
21%
cheers
5%
ciggie
5%
good on ya
5%
mozzie
5%
you beauty
5%
No matching quizzes found
Score Distribution
Percent of People with Each Score
Percentile by Number Answered
Your Score History
You have not taken this quiz